000 01127cam a22003014a 4500
001 13444861
003 ARRUPE
005 20211019092440.0
008 031229s2004 paua b 000 0 eng
010 _a 2003027966
020 _a0822958473 (alk. paper)
040 _aDLC
_cDLC
_dDLC
041 1 _aeng
_hger
042 _apcc
050 0 0 _aBC135
_b.H6913 2004
082 0 0 _a160
_222
100 1 _aHoyningen-Huene, Paul,
_d1946-
_950537
240 1 0 _aFormale Logik.
_lEnglish
245 1 0 _aFormal logic :
_ba philosophical approach /
_cPaul Hoyningen-Huene ; translated by Alex Levine.
260 _aPittsburgh, Pa. :
_bUniversity of Pittsburgh Press,
_cc2004.
300 _axi, 254 p. :
_bill. ;
_c21 cm.
504 _aIncludes bibliographical references (p. 253-254).
650 0 _aLogic, Symbolic and mathematical
_vTextbooks.
_950538
856 4 1 _3Table of contents
_uhttp://www.loc.gov/catdir/toc/ecip0412/2003027966.html
906 _a7
_bcbc
_corignew
_d1
_eecip
_f20
_gy-gencatlg
942 _2lcc
_cMONOGRAPH
999 _c130911
_d130911